El gran Meaulnes

محفوظ في:
التفاصيل البيبلوغرافية
المؤلف الرئيسي: Fournier, Alain (مؤلف)
التنسيق: كتاب
اللغة:الإسبانية
منشور في: Santiago Andrés Bello 1981
سلاسل:Colección Club de Lectores, 32
الموضوعات:
الوسوم: إضافة وسم
لا توجد وسوم, كن أول من يضع وسما على هذه التسجيلة!

MARC

LEADER 00000cam a2200000 a 4500
001 UCX1569
003 CL-VaPUC
008 901003e19810000CL |||||||||||||||||spa|d
082 0 4 |a 843  |b FOU  |2 21 
100 0 |a Fournier, Alain  |e author  |9 317112 
245 1 3 |a El gran Meaulnes 
300 |a 188 p 
942 |c BK 
945 |d 19901003 00:00:00 
260 |a Santiago  |b Andrés Bello  |c 1981 
650 0 |a Novela francesa  |9 264985 
583 |a last modification  |c 20150526 05:49:01  |k Rodrigo Vera 
490 0 |a Colección Club de Lectores, 32 
999 |c 222764  |d 222762 
952 |0 0  |1 0  |4 0  |6 843_000000000000000_FOU_1981  |7 0  |8 A  |9 217930  |a BIBEDU  |b BIBEDU  |d 2019-11-15  |i 2868059  |o 843 FOU 1981  |p 2868059  |r 2019-11-15  |w 2019-11-15  |y BK  |k LIT 
952 |0 0  |1 0  |3 erb  |4 0  |6 843_000000000000000_FOU_1981  |7 0  |8 A  |9 217931  |a BIBEDU  |b BIBEDU  |e Villagrán Garnham, Jorge  |i 5176409  |o 843 FOU 1981  |p 5176409  |r 2019-11-15  |w 2019-11-15  |y BK  |z Catalogado en:20150529  |k LIT